ARRUPE JESUIT UNIVERSITY

CORONAVIRUS -STOP THE SPREAD - CLEAN,DISINFECT,COVER

Everest (Record no. 119418)

MARC details
000 -LEADER
fixed length control field 00419nam a22001337a 4500
008 - FIXED-LENGTH DATA ELEMENTS--GENERAL INFORMATION
fixed length control field 131219b xxu||||| |||| 00| 0 eng d
050 ## - LIBRARY OF CONGRESS CALL NUMBER
Classification number GV199.44.E85Y68
100 ## - MAIN ENTRY--PERSONAL NAME
Personal name Younghusband, Francis
9 (RLIN) 6188
245 ## - TITLE STATEMENT
Title Everest
Remainder of title The challenge
Statement of responsibility, etc Francis Younghusband
260 ## - PUBLICATION, DISTRIBUTION, ETC. (IMPRINT)
Place of publication, distribution, etc London
Name of publisher, distributor, etc Thomas Nelson
Date of publication, distribution, etc 1941
300 ## - PHYSICAL DESCRIPTION
Extent ix; 243p.;
Dimensions 19cm
650 ## - SUBJECT ADDED ENTRY--TOPICAL TERM
Topical term or geographic name as entry element Mountaineering
General subdivision History
Geographic subdivision Everest, Mount
9 (RLIN) 6189
942 ## - ADDED ENTRY ELEMENTS (KOHA)
Source of classification or shelving scheme Library of Congress Classification
Item type Monograph ( Printed materials)
Holdings
Withdrawn status Lost status Source of classification or shelving scheme Damaged status Not for loan Home library Current library Date acquired Total Checkouts Full call number Barcode Date last seen Price effective from Koha item type
    Library of Congress Classification     ARRUPE LIBRARY ARRUPE LIBRARY 19/12/2013   GV199.44.E85Y68 464123012 10/04/2018 19/12/2013 Monograph ( Printed materials)

 

Arrupe Library. PO Box MP320 Mt Pleasant, Harare, Zimbabwe
263 242 745411|librarian@aju.ac.zw